000 00570cam a22002053a 4500
001 33399
003 PGUSA
005 20140828083725.0
008 100810s2010||||xxu|||||s|||||000 | eng d
040 _aPGUSA
_beng
042 _adc
100 1 _aLynde, Francis,
_d1856-1930
245 1 2 _aA Romance in Transit
_h[electronic resource] /
_cFrancis Lynde
260 _bProject Gutenberg,
_c2010
506 _aPublic domain in the USA.
516 _aElectronic text
830 0 _aProject Gutenberg
_v33399
856 4 0 _uhttp://www.gutenberg.org/ebooks/33399
942 _cEB
999 _c262654
_d262654